Official languages of the British Isles - Statistics

General Stats
  • This quiz has been taken 98 times
  • The average score is 6 of 7
Answer Stats
Country Answer % Correct
England English
100%
Northern Ireland Irish
99%
Ireland Irish
99%
Wales Welsh
99%
Cornwall Cornish
79%
Isle of Man Manx
71%
Scotland Scottish Gaelic
55%
No matching quizzes found
Score Distribution
Percent of People with Each Score
Percentile by Number Answered
Your Score History
You have not taken this quiz